| 000 | 00587nam a22001697a 4500 | ||
|---|---|---|---|
| 005 | 20251108164019.0 | ||
| 008 | 250721s1996 xx 000 0 ara d | ||
| 082 | 1 | 4 | _a346.044/هرج |
| 100 | 1 | _aهرجه، مصطفى مجدي | |
| 245 | 1 | 0 | _aالمشكلات العملية في فسخ عقد الإيجار لعدم الوفاء بالأجرة و تكرار التأخير فيها في ضوء ... / |
| 264 | 1 |
_aالقاهرة : _bالمكتبة القانونية، _c1996. |
|
| 300 | _a199ص | ||
| 650 | 1 | 7 | _aالإيجار |
| 650 | 1 | 7 | _aمصر |
| 942 |
_2ddc _cBK |
||
| 999 |
_c1432 _d1432 |
||